000 00619nam a2200205Ia 4500
005 20250923144902.0
008 008 250917s9999 xx 000 0 eng d
037 _aTextual
040 _aDSWL
_beng
_cDSWL
041 _aeng
_2eng
084 _aL7:4:691.73C.N5u, K2
_qDSWL
100 _aSrole, Leo
_9829439
245 0 _aMental health in the Metropolis the Midtown Manhattan study
_cby Leo Srole
260 _aNew York
_bMcGraw Hill Book
_c1962
300 _axii,428p.
365 _aINR
_b9.95
925 _g9.95
942 _cTEXL
_hL7:4:691.73C.N5u, K2
999 _c1444578
_d1444578